000 00272nam a2200109Ia 4500
008 200302s9999 xx 000 0 und d
100 _aAuthor
245 _aWater Spaces of the World Vol 3
260 _bImages Publishing Group Pvt. Ltd.
260 _c2001
300 _a224 P.,
999 _c1243
_d1243